M.I.E.T. Campus Landscape Space Design At Shahpur, Bhandara. (Record no. 364217)

MARC details
000 -LEADER
fixed length control field 00359nam a2200121Ia 4500
008 - FIXED-LENGTH DATA ELEMENTS--GENERAL INFORMATION
fixed length control field 250110s9999 xx 000 0 und d
041 ## - LANGUAGE CODE
Language code of text/sound track or separate title eng
100 ## - MAIN ENTRY--PERSONAL NAME
Personal name Agrawal Prachi.
9 (RLIN) 208937
245 ## - TITLE STATEMENT
Title M.I.E.T. Campus Landscape Space Design At Shahpur, Bhandara.
260 ## - PUBLICATION, DISTRIBUTION, ETC. (IMPRINT)
Name of publisher, distributor, etc. BNCA M Arch LA, Pune
Date of publication, distribution, etc. 2018
300 ## - PHYSICAL DESCRIPTION
Extent 16p
700 ## - ADDED ENTRY--PERSONAL NAME
Personal name Guide Name:Arora Shefali
9 (RLIN) 210803
Holdings
Withdrawn status Lost status Damaged status Not for loan Home library Current library Date acquired Total Checkouts Barcode Date last seen Bill Date Koha item type Original Barcode
        Dr. Bhanuben Nanavati College of Architecture Dr. Bhanuben Nanavati College of Architecture 04/06/2018   BNCA-PR-1717 10/01/2025 10/01/2025 Project Reports PR1717